[Event "Druzynowe Mistrzostwa Polski Juniorow - I Liga"]
[Site "Centrum Wypoczynkowo-Szkoleniowe Gwarek, Ustron"]
[Date "1899-12-30"]
[Round "5.26"]
[White "Golenia, Jan"]
[Black "Buraczewski, Rafal"]
[Result "0-1"]
[WhiteTitle "I"]
[BlackTitle "I"]
[WhiteElo "1792"]
[BlackElo "1906"]

1. d4 d5 2. c4 e6 3. Nf3 Nf6 4. Nc3 c6 5. Bg5 Nbd7 6. e3 Bb4 7. Qb3 Qa5 8. Bd3
Ne4 9. Rc1 Nxg5 10. Nxg5 dxc4 11. Bxc4 Bxc3+ 12. Rxc3 Qxg5 13. O-O Nb6 14. Be2
O-O 15. Rc5 Qe7 16. a4 Nd7 17. Rc3 e5 18. d5 cxd5 19. Qxd5 Nf6 20. Qb5 a6 21.
Qa5 b6 22. Qxb6 Nd5 23. Qc5 Qxc5 24. Rxc5 Be6 25. Bf3 Rad8 26. e4 Nb6 27. Rxe5
Nc4 28. Rc5 Nd2 29. Re1 Nxf3+ 30. gxf3 Rb8 31. Ra5 Rxb2 32. Rxa6 Rc8 33. Rd6 Ra2
34. Rd4 h6 35. f4 Bg4 36. Kg2 Rcc2 37. Kg3 Bh5 38. Rf1 Rc3+ 39. Kh4 Bf3 40. e5
Be2 41. Rg1 Rc4 42. Rxc4 Bxc4 43. Kg3 Ra3+ 44. Kg4 Rxa4 45. Rc1 Be2+ 46. f3 Ra3
47. Rc8+ Kh7 48. Rf8 Bxf3+ 49. Kf5 Bd5 50. h4 Be6+ 51. Ke4 Ra4+ 52. Kf3 Kg6 53.
Rg8 h5 0-1

[Event "Druzynowe Mistrzostwa Polski Juniorow - I Liga"]
[Site "Centrum Wypoczynkowo-Szkoleniowe Gwarek, Ustron"]
[Date "1899-12-30"]
[Round "5.27"]
[White "Poplawski, Maciej"]
[Black "Golenia, Wojciech"]
[Result "1-0"]
[WhiteTitle "I"]
[BlackTitle "I"]
[WhiteElo "1866"]
[BlackElo "1750"]

1. d4 d5 2. Nf3 c6 3. c4 Nf6 4. Bg5 e6 5. Nc3 Nbd7 6. e3 Be7 7. Qc2 O-O 8. Rd1
Re8 9. Bd3 dxc4 10. Bxc4 b5 11. Bd3 Bb7 12. O-O Rc8 13. e4 a6 14. e5 Nd5 15. Bxh7+
Kf8 16. Bxe7+ Qxe7 17. Ne4 c5 18. Nd6 cxd4 19. Nxc8 Rxc8 20. Qd2 N7b6 21. Be4
Rc7 22. Rc1 Rd7 23. b3 b4 24. Rfe1 d3 25. Bxd3 Nc3 26. Rxc3 bxc3 27. Qxc3 Bxf3
28. gxf3 Qg5+ 29. Kh1 Nd5 30. Qc5+ Ke8 31. Bxa6 Qf5 32. Bf1 Nf4 33. Bb5 Nd3 34.
Qc8+ 1-0

[Event "Druzynowe Mistrzostwa Polski Juniorow - I Liga"]
[Site "Centrum Wypoczynkowo-Szkoleniowe Gwarek, Ustron"]
[Date "1899-12-30"]
[Round "5.28"]
[White "Gawor, Jan Pawel"]
[Black "Wierzbicki, Michal"]
[Result "1/2-1/2"]
[WhiteTitle "II"]
[BlackTitle "I"]
[WhiteElo "1519"]
[BlackElo "1725"]

1. e4 c6 2. d4 d5 3. Nc3 dxe4 4. Nxe4 Nf6 5. Nxf6+ exf6 6. Nf3 Bd6 7. Be3 O-O 8.
Qd2 Re8 9. O-O-O Be6 10. Kb1 Bd5 11. Bd3 b5 12. Rhe1 Nd7 13. c3 Nf8 14. Rc1 Qa5
15. b3 Rab8 16. Re2 Qa3 17. Qb2 Qa5 18. Qc2 Rb6 19. Rd1 Reb8 20. h3 Qa6 21. Nh4
Qb7 22. Nf5 Qc7 23. Nxd6 Qxd6 24. f3 a5 25. Bc1 R6b7 26. Rde1 Rc8 27. Re8 Rbb8
28. Bxh7+ Kh8 29. Rxc8 Rxc8 30. Be4 Re8 31. Qd2 Qg3 32. Re2 Bxe4+ 33. fxe4 Ng6
34. Re3 Qf4 35. Re1 Qxd2 36. Bxd2 Nh4 37. Re2 Kg8 38. Kc2 Kf8 39. Kd3 Rd8 40.
c4 b4 41. d5 Ke7 42. Kd4 Rc8 43. Bf4 c5+ 44. Kd3 Ng6 45. Bg3 Ne5+ 46. Bxe5 fxe5
47. Rf2 f6 48. Ke3 a4 49. Kf3 axb3 50. axb3 Ra8 51. Re2 Ra3 52. Re3 Ra2 53. g3
Rc2 54. h4 Rc1 55. Kg4 1/2-1/2

[Event "Druzynowe Mistrzostwa Polski Juniorow - I Liga"]
[Site "Centrum Wypoczynkowo-Szkoleniowe Gwarek, Ustron"]
[Date "1899-12-30"]
[Round "5.29"]
[White "Murawko, Katarzyna"]
[Black "Jedrocha, Katarzyna"]
[Result "1-0"]
[WhiteTitle "k"]
[BlackTitle "k"]
[WhiteElo "1948"]
[BlackElo "1912"]

1. e4 c5 2. Nf3 d6 3. d4 cxd4 4. Nxd4 Nf6 5. Nc3 a6 6. f3 e5 7. Nde2 Be6 8. Bg5
Nbd7 9. Qd2 Be7 10. a4 O-O 11. Rd1 Rc8 12. Ng3 Qb6 13. Qc1 Rfd8 14. Be2 Nc5 15.
a5 Qxa5 16. O-O Rd7 17. Kh1 b5 18. Qe3 Qc7 19. Nd5 Bxd5 20. exd5 Qd8 21. f4 Rcc7
22. h4 h6 23. Bxh6 gxh6 24. fxe5 Ne8 25. b4 Nb7 26. e6 Bf8 27. exd7 Rxd7 28. Nf5
Kh8 29. Rf3 Rc7 30. Bd3 Qf6 31. Qxe8 1-0

[Event "Druzynowe Mistrzostwa Polski Juniorow - I Liga"]
[Site "Centrum Wypoczynkowo-Szkoleniowe Gwarek, Ustron"]
[Date "1899-12-30"]
[Round "5.30"]
[White "Janiak, Izabela"]
[Black "Rudzinska, Michalina"]
[Result "0-1"]
[WhiteTitle "II"]
[BlackTitle "I"]
[WhiteElo "1142"]
[BlackElo "1693"]

1. e4 c5 2. Nf3 e6 3. d4 cxd4 4. Nxd4 Nc6 5. Nc3 Qc7 6. Be3 a6 7. Be2 Nf6 8. a3
Be7 9. O-O O-O 10. f4 d6 11. Kh1 b5 12. Bf3 Bb7 13. Qe1 Rfe8 14. Qg3 g6 15. Rae1
Bf8 16. Re2 Bg7 17. Rd1 Na5 18. Rd3 Nc4 19. Bc1 Nd7 20. Qf2 Nc5 21. Rd1 Red8 22.
Ree1 Rac8 23. b4 Nd7 24. Nce2 Ndb6 25. Rd3 Na4 26. Ng3 Qb6 27. Kg1 Ncb2 28. Rd2
Nc4 29. Rd3 Nab2 30. Bxb2 Nxb2 31. Rd2 Nc4 32. Rd3 Nxa3 33. Rc1 Bxd4 34. Qxd4
Qxd4+ 35. Rxd4 Nxc2 36. Rdd1 Nxb4 37. Rb1 Nc2 38. Ne2 b4 39. Nc1 a5 40. Nb3 a4
41. Nc1 b3 42. Kf2 Na3 43. Rb2 Rc2+ 44. Rxc2 Nxc2 45. Ke2 b2 46. Na2 Rc8 47. Rb1
a3 48. g3 Ba6+ 49. Kd2 Bc4 50. Nc3 Bb3 51. Bd1 Nd4 52. Bxb3 Nxb3+ 53. Kc2 a2 54.
Kxb2 axb1=Q+ 55. Kxb1 Rxc3 56. Kb2 Re3 57. Ka3 Nc5+ 58. Kb4 Rxe4+ 59. Kb5 Nd7
60. Kc6 d5 61. Kxd7 d4 62. Kd6 d3 63. Kc5 d2 64. Kc6 d1=Q 65. h4 Rc4+ 66. Kb5
Qb3+ 67. Ka5 Ra4# 0-1

[Event "Druzynowe Mistrzostwa Polski Juniorow - I Liga"]
[Site "Centrum Wypoczynkowo-Szkoleniowe Gwarek, Ustron"]
[Date "1899-12-30"]
[Round "6.1"]
[White "Korpalski, Maciej"]
[Black "Bus, Konrad"]
[Result "1-0"]
[WhiteTitle "I"]
[BlackTitle "k"]
[WhiteElo "1838"]
[BlackElo "2108"]

1. e4 c6 2. d4 d5 3. Nc3 a6 4. h3 b5 5. Bd3 e6 6. Nf3 Nf6 7. e5 Nfd7 8. Ng5 g6
9. h4 Be7 10. Qf3 Bxg5 11. Bxg5 Qb6 12. Ne2 h6 13. Be3 Qd8 14. Qg3 h5 15. Bxg6
Rg8 16. Bxf7+ Kxf7 17. Qf3+ Ke7 18. Qxh5 Nf8 19. Bg5+ Rxg5 20. Qxg5+ Kd7 21. Qxd8+
Kxd8 22. Kd2 Ra7 23. g4 Ke8 24. g5 Kf7 25. h5 Kg8 26. Rag1 Bd7 27. g6 Be8 28.
Nf4 c5 29. h6 1-0

[Event "Druzynowe Mistrzostwa Polski Juniorow - I Liga"]
[Site "Centrum Wypoczynkowo-Szkoleniowe Gwarek, Ustron"]
[Date "1899-12-30"]
[Round "6.2"]
[White "Golenia, Jan"]
[Black "Holownia, Michal"]
[Result "1-0"]
[WhiteTitle "I"]
[BlackTitle "II+"]
[WhiteElo "1792"]
[BlackElo "1871"]

1. Nf3 Nf6 2. d4 e6 3. Bf4 c5 4. e3 Nc6 5. c3 d5 6. Nbd2 Be7 7. Bd3 Bd7 8. h3 a6
9. Be2 b5 10. a3 Qb6 11. Rg1 Na5 12. dxc5 Qb7 13. b4 Nc6 14. Bh2 Ne4 15. Nxe4
dxe4 16. Nd4 f5 17. Qb3 Kf7 18. Nxf5 Rhe8 19. Rd1 g6 20. Nd6+ Bxd6 21. Bxd6 Kg7
22. Qb2 1-0

[Event "Druzynowe Mistrzostwa Polski Juniorow - I Liga"]
[Site "Centrum Wypoczynkowo-Szkoleniowe Gwarek, Ustron"]
[Date "1899-12-30"]
[Round "6.3"]
[White "Sernecki, Franciszek"]
[Black "Golenia, Wojciech"]
[Result "1-0"]
[WhiteTitle "I"]
[BlackTitle "I"]
[WhiteElo "1932"]
[BlackElo "1750"]

1. Nf3 d5 2. d4 Bf5 3. c4 e6 4. Qb3 Nc6 5. c5 Qd7 6. Bf4 O-O-O 7. e3 f6 8. h3 Nge7
9. Qa4 e5 10. dxe5 fxe5 11. Nxe5 Nxe5 12. Qxa7 N5c6 13. Qa8+ Nb8 14. Nc3 Nec6
15. Be2 Bxc5 16. O-O g5 17. Na4 Bd6 18. Bxd6 Qxd6 19. Rac1 Qb4 20. a3 Qe7 21.
Nc5 Rd6 22. b4 Nd8 23. a4 d4 24. e4 Bd7 25. a5 Ndc6 26. Nxd7 Qxd7 27. a6 d3 28.
Bg4 Re6 29. axb7+ Kd8 30. Bxe6 Qxe6 31. Rxc6 1-0

[Event "Druzynowe Mistrzostwa Polski Juniorow - I Liga"]
[Site "Centrum Wypoczynkowo-Szkoleniowe Gwarek, Ustron"]
[Date "1899-12-30"]
[Round "6.4"]
[White "Gawor, Jan Pawel"]
[Black "Kawaler, Adam"]
[Result "1-0"]
[WhiteTitle "II"]
[BlackTitle "I"]
[WhiteElo "1519"]
[BlackElo "1553"]

1. e4 d6 2. d4 Nf6 3. Nc3 c6 4. f4 Qa5 5. Bd3 e5 6. Nf3 Nbd7 7. Be3 Be7 8. Qd2
O-O 9. O-O-O Rd8 10. h3 exd4 11. Nxd4 Nc5 12. g4 Ne6 13. Nf5 Bf8 14. Kb1 Qc7 15.
Qf2 Nc5 16. Bd4 Nxd3 17. cxd3 Bxf5 18. Bxf6 gxf6 19. gxf5 d5 20. Qh4 Bg7 21. e5
Qe7 22. Rhg1 Kh8 23. Rxg7 Kxg7 24. exf6+ Qxf6 25. Rg1+ 1-0

[Event "Druzynowe Mistrzostwa Polski Juniorow - I Liga"]
[Site "Centrum Wypoczynkowo-Szkoleniowe Gwarek, Ustron"]
[Date "1899-12-30"]
[Round "6.5"]
[White "Dmochowska, Agnieszka"]
[Black "Jedrocha, Katarzyna"]
[Result "1-0"]
[WhiteTitle "WCM"]
[BlackTitle "k"]
[WhiteElo "1869"]
[BlackElo "1912"]

1. e4 e5 2. Nf3 Nc6 3. Bb5 Nf6 4. O-O Nxe4 5. d4 Nd6 6. Ba4 exd4 7. Nxd4 Be7 8.
Nc3 O-O 9. Bf4 Nxd4 10. Qxd4 Ne8 11. Nd5 Bf6 12. Nxf6+ Nxf6 13. Bg5 h6 14. Bh4
d6 15. Rfe1 g5 16. Bg3 Bf5 17. Rad1 Bg6 18. Qb4 Qc8 19. Re7 a6 20. Qc3 Qg4 21.
Rd4 Qf5 22. Bb3 c5 23. Rxd6 Ne4 24. Rxg6+ Qxg6 25. Qd3 Rad8 26. Bd5 Rxd5 27. Qxd5
Nxg3 28. hxg3 Qxc2 29. Rxb7 c4 30. Rb6 g4 31. Qh5 Qc1+ 32. Kh2 Kh7 33. Qf5+ Kh8
34. Qxg4 Rg8 35. Qd4+ Kh7 36. Rf6 Rg7 37. Qe4+ Kh8 38. Qe8+ Rg8 39. Qxf7 Qg5 40.
Rf4 Rg7 41. Qxc4 Qg6 42. b4 Re7 43. a4 Re6 44. b5 axb5 45. axb5 Qh5+ 46. Rh4 Qg6
47. Qc5 Rb6 48. Rd4 Rf6 49. Qe5 Kh7 50. Rd7+ Kg8 51. Qd5+ Kh8 52. Qa8+ 1-0

[Event "Druzynowe Mistrzostwa Polski Juniorow - I Liga"]
[Site "Centrum Wypoczynkowo-Szkoleniowe Gwarek, Ustron"]
[Date "1899-12-30"]
[Round "6.6"]
[White "Janiak, Izabela"]
[Black "Frej, Zofia"]
[Result "0-1"]
[WhiteTitle "II"]
[BlackTitle "I+"]
[WhiteElo "1142"]
[BlackElo "1823"]

1. e4 c5 2. Nf3 e6 3. d4 cxd4 4. Nxd4 a6 5. c4 Nf6 6. Nc3 Qc7 7. Be3 Bb4 8. Bd3
Nc6 9. Qd2 Ne5 10. Qe2 O-O 11. f3 d5 12. c5 Nxd3+ 13. Qxd3 e5 14. Nc2 dxe4 15.
fxe4 Bxc5 16. O-O-O Bg4 17. Rde1 Rfd8 18. Qf1 Rac8 19. Qf2 Bxe3+ 20. Rxe3 Be6
21. a3 Ng4 22. Qe2 Nxe3 23. Qxe3 Qc5 24. Qe2 b5 25. Re1 Bc4 26. Qf3 a5 27. g4
b4 28. axb4 axb4 29. Nb1 Bd3 30. Qg2 Qxc2+ 31. Qxc2 Rxc2+ 32. Kd1 Bxe4+ 33. Nd2
Rdxd2# 0-1

[Event "Druzynowe Mistrzostwa Polski Juniorow - I Liga"]
[Site "Centrum Wypoczynkowo-Szkoleniowe Gwarek, Ustron"]
[Date "1899-12-30"]
[Round "6.7"]
[White "Czajkowski, Adam"]
[Black "Mockun, Dawid"]
[Result "1/2-1/2"]
[WhiteTitle "I++"]
[BlackTitle "I"]
[WhiteElo "2073"]
[BlackElo "1951"]

1. e4 c6 2. d4 d5 3. Nc3 dxe4 4. Nxe4 Nf6 5. Nxf6+ exf6 6. c3 Bd6 7. Bd3 O-O 8.
Qc2 Re8+ 9. Ne2 h6 10. O-O Qc7 11. h3 Nd7 12. c4 b6 13. Nc3 Nf8 14. Be3 Qd7 15.
Rfe1 Bb8 16. Bf1 Ng6 17. Rad1 f5 18. c5 Bb7 19. d5 bxc5 20. d6 Bxd6 21. Na4 Qc7
22. Qxf5 Re5 23. Qd3 Rd8 24. Qb3 Bc8 25. Bc4 Qe7 26. Qc3 Re8 27. Qd3 Re4 28. Nc3
Rxc4 29. Qxc4 Qe5 30. f4 Qe7 31. Qd3 Bc7 32. Qf1 Bf5 33. Qf2 Qf6 34. Bxc5 Rxe1+
35. Rxe1 Nxf4 36. Bd4 Qg5 37. Kh1 Nd3 38. Re8+ Kh7 39. Qf3 Qc1+ 40. Nd1 Bg6 41.
Be3 Qb1 42. Rc8 Be5 1/2-1/2

[Event "Druzynowe Mistrzostwa Polski Juniorow - I Liga"]
[Site "Centrum Wypoczynkowo-Szkoleniowe Gwarek, Ustron"]
[Date "1899-12-30"]
[Round "6.8"]
[White "Buraczewski, Rafal"]
[Black "Pniaczek, Marek"]
[Result "1-0"]
[WhiteTitle "I"]
[BlackTitle "I"]
[WhiteElo "1906"]
[BlackElo "1716"]

1. d4 d5 2. Nf3 Nf6 3. e3 e6 4. Bd3 c5 5. c3 Nc6 6. Nbd2 Bd6 7. Qe2 O-O 8. dxc5
Bxc5 9. e4 Qc7 10. O-O Bd7 11. e5 Ne8 12. Nb3 Be7 13. Re1 f5 14. exf6 Nxf6 15.
Nbd4 Nxd4 16. cxd4 Rae8 17. Ne5 Bd6 18. h3 Qb6 19. Bg5 Bc8 20. Bxf6 Rxf6 21. Bxh7+
Kf8 22. Rad1 Bxe5 23. dxe5 Rh6 24. Qf3+ Ke7 25. Qa3+ Kd8 26. Bd3 Bd7 27. Rc1 Bc6
28. Qd6+ Kc8 29. b4 Rd8 30. Qe7 Kb8 31. Qxg7 Rhh8 32. Qe7 Rdf8 33. Qd6+ Ka8 34.
Qc5 Qd8 35. b5 Bd7 36. Rc3 b6 37. Qd6 Qh4 38. Rc2 Rf7 39. Qa3 Rg7 40. Bf1 Qxh3
41. Qxh3 Rxh3 42. g3 Rh5 43. Bd3 Kb7 44. Kg2 Rh8 45. f3 Be8 46. g4 Bg6 47. Bxg6
Rxg6 48. Rcc1 Rd8 49. Rh1 Rd7 50. Rh8 Rc7 51. Rxc7+ Kxc7 52. Rh7+ Kb8 53. Kg3
Rg8 54. Re7 Rd8 55. Rxe6 d4 56. Rd6 Rxd6 57. exd6 d3 58. Kf2 d2 59. Ke2 d1=B+
60. Kxd1 1-0

[Event "Druzynowe Mistrzostwa Polski Juniorow - I Liga"]
[Site "Centrum Wypoczynkowo-Szkoleniowe Gwarek, Ustron"]
[Date "1899-12-30"]
[Round "6.9"]
[White "Musial, Tomasz"]
[Black "Poplawski, Maciej"]
[Result "1-0"]
[WhiteTitle "II"]
[BlackTitle "I"]
[WhiteElo "1595"]
[BlackElo "1866"]

1. e4 c6 2. d4 g6 3. Nc3 d5 4. h3 Bg7 5. Nf3 dxe4 6. Nxe4 Nf6 7. Nxf6+ exf6 8.
Bc4 O-O 9. O-O Re8 10. Be3 Be6 11. Bb3 Nd7 12. d5 cxd5 13. Bxd5 Qc7 14. c4 Ne5
15. Rc1 Rad8 16. Qb3 b6 17. Rfd1 Bxd5 18. cxd5 Nxf3+ 19. gxf3 Qd7 20. d6 Qxh3
21. Rc7 Rd7 22. Qa4 Red8 23. Qxa7 Rxd6 24. Rxd6 Rxd6 25. Qa4 Bf8 26. Qb3 Re6 27.
Rb7 Bc5 28. Qd5 Kg7 29. Qd7 Be7 30. Rxb6 Kf8 31. Rb8+ Kg7 32. Qc8 g5 33. Qh8+
Kh6 34. Rg8 Bf8 35. Rxf8 Rd6 36. Rd8 Rxd8 37. Qxf6+ Kh5 38. Qxg5# 1-0

[Event "Druzynowe Mistrzostwa Polski Juniorow - I Liga"]
[Site "Centrum Wypoczynkowo-Szkoleniowe Gwarek, Ustron"]
[Date "1899-12-30"]
[Round "6.10"]
[White "Wierzbicki, Michal"]
[Black "Lyszczarz, Konrad"]
[Result "1-0"]
[WhiteTitle "I"]
[BlackTitle "II"]
[WhiteElo "1725"]
[BlackElo "1329"]

1. d4 d5 2. Nf3 Nf6 3. c4 e6 4. Bg5 c6 5. cxd5 exd5 6. Qc2 Nbd7 7. Nc3 Qa5 8. e3
Bb4 9. Bd3 O-O 10. O-O Bxc3 11. bxc3 Re8 12. Bf4 b6 13. Ne5 Nxe5 14. Bxe5 Ne4
15. Rfc1 f6 16. Bg3 g6 17. c4 Nxg3 18. hxg3 Ba6 19. Qb3 Rac8 20. cxd5 Bxd3 21.
dxc6+ Kg7 22. Qxd3 Rc7 23. d5 b5 24. d6 Rcc8 25. d7 Red8 26. dxc8=Q Rxc8 27. Qd7+
1-0

[Event "Druzynowe Mistrzostwa Polski Juniorow - I Liga"]
[Site "Centrum Wypoczynkowo-Szkoleniowe Gwarek, Ustron"]
[Date "1899-12-30"]
[Round "6.11"]
[White "Pyzio, Amelia"]
[Black "Murawko, Katarzyna"]
[Result "0-1"]
[WhiteTitle "I"]
[BlackTitle "k"]
[WhiteElo "1409"]
[BlackElo "1948"]

1. e4 c5 2. Nf3 e6 3. b3 Nc6 4. Bb2 Nge7 5. Be2 a6 6. O-O d5 7. exd5 Nxd5 8. d4
Qf6 9. Na3 cxd4 10. Nxd4 Bxa3 11. Bxa3 Qxd4 12. Qc1 Nc3 13. Re1 Nxe2+ 14. Rxe2
Bd7 15. Rd2 Qf6 16. Qd1 Rd8 17. Bc5 Bc8 18. Rxd8+ Nxd8 19. Bd4 e5 20. Qe2 O-O
21. Qxe5 Qxe5 22. Bxe5 Nc6 23. Bc3 Bf5 24. Rc1 Rc8 25. Kf1 Na7 26. Bd4 Nb5 27.
Bb2 Bxc2 28. Ke1 f6 29. g4 Rc6 30. h4 Kf7 31. f3 h6 32. Kd2 Bg6 33. a3 Rxc1 34.
Kxc1 h5 35. Kd2 Ke6 36. Ke3 Nc7 37. Kd4 Nd5 38. Bc1 Bc2 39. b4 hxg4 40. fxg4 Bd1
41. g5 f5 42. Kd3 g6 43. Kd4 Bf3 44. Kd3 Ke5 45. Kd2 Kf4 46. Ke1+ Kg4 47. Kf2
Be4 48. Bd2 Kxh4 49. Bc1 f4 0-1

[Event "Druzynowe Mistrzostwa Polski Juniorow - I Liga"]
[Site "Centrum Wypoczynkowo-Szkoleniowe Gwarek, Ustron"]
[Date "1899-12-30"]
[Round "6.12"]
[White "Rudzinska, Michalina"]
[Black "Kucharska, Honorata"]
[Result "1-0"]
[WhiteTitle "I"]
[BlackTitle "I++"]
[WhiteElo "1693"]
[BlackElo "1719"]

1. e4 e6 2. d4 d5 3. Nd2 Nf6 4. e5 Nfd7 5. Bd3 c5 6. c3 Nc6 7. Ne2 cxd4 8. cxd4
Qb6 9. Nf3 f6 10. exf6 Nxf6 11. O-O Bd6 12. a3 O-O 13. Re1 Bd7 14. b4 a6 15. Nf4
Ne4 16. g3 e5 17. Nxd5 Nxf2 18. Nxb6 Nxd1 19. Nxa8 Rxf3 20. Rxd1 Nxd4 21. Bb2
Bh3 22. Bf1 Bg4 23. Bxd4 exd4 24. Be2 Rf8 25. Bxg4 Rxa8 26. Rac1 1-0

[Event "Druzynowe Mistrzostwa Polski Juniorow - I Liga"]
[Site "Centrum Wypoczynkowo-Szkoleniowe Gwarek, Ustron"]
[Date "1899-12-30"]
[Round "6.13"]
[White "Kaczmarek, Aleksander"]
[Black "Kowalski, Maciej"]
[Result "1-0"]
[WhiteTitle "FM"]
[BlackTitle "k"]
[WhiteElo "2238"]
[BlackElo "2144"]

1. e4 c5 2. b3 Nc6 3. Bb2 e5 4. Bc4 Bd6 5. Ne2 Nf6 6. Nbc3 O-O 7. Ng3 a6 8. a4
Rb8 9. Nf5 Bc7 10. d3 Nd4 11. g4 b5 12. axb5 axb5 13. Bd5 b4 14. Ne2 Nxf5 15.
gxf5 Nxd5 16. exd5 Bb7 17. Rg1 f6 18. Ng3 Bxd5 19. Nh5 Rf7 20. Qg4 Qf8 21. Bc1
Kh8 22. Rg3 Ra8 23. Rxa8 Bxa8 24. Rh3 Re7 25. Be3 Bb6 26. Qg6 Qg8 27. Nxf6 gxf6
28. Qxf6+ Rg7 29. Qxb6 Qd5 30. Bh6 Rg1+ 31. Kd2 Qf7 32. Qb8+ 1-0

[Event "Druzynowe Mistrzostwa Polski Juniorow - I Liga"]
[Site "Centrum Wypoczynkowo-Szkoleniowe Gwarek, Ustron"]
[Date "1899-12-30"]
[Round "6.14"]
[White "Wacior, Maciej"]
[Black "Powalka, Michal"]
[Result "1/2-1/2"]
[WhiteTitle "I++"]
[BlackTitle "I++"]
[WhiteElo "1934"]
[BlackElo "1975"]

1. d4 Nf6 2. Nf3 g6 3. Bf4 Bg7 4. h3 O-O 5. e3 d6 6. Bc4 c5 7. c3 Nc6 8. O-O b6
9. Nbd2 Bb7 10. Bh2 Qc8 11. Re1 Ba6 12. Qe2 Bxc4 13. Nxc4 b5 14. Ncd2 b4 15. cxb4
Nxb4 16. Rec1 Nd7 17. a3 Qa6 18. Qxa6 Nxa6 19. Rab1 Rfc8 20. Kf1 Kf8 21. Ke2 cxd4
22. exd4 Nc7 23. Kd3 Nd5 24. Ng5 h6 25. Nge4 N7b6 26. Nc3 Nc7 27. Ne2 Nb5 28.
Nc4 Nd5 29. Ne3 Nb6 30. Nc4 Nd5 31. Ne3 Nb6 32. Nc4 Nd5 1/2-1/2

[Event "Druzynowe Mistrzostwa Polski Juniorow - I Liga"]
[Site "Centrum Wypoczynkowo-Szkoleniowe Gwarek, Ustron"]
[Date "1899-12-30"]
[Round "6.15"]
[White "Paliwoda, Borys"]
[Black "Kabacinski, Krzysztof"]
[Result "1/2-1/2"]
[WhiteTitle "II"]
[BlackTitle "II"]
[WhiteElo "1510"]
[BlackElo "1565"]

1. e4 c6 2. d3 d5 3. Nd2 Nf6 4. Ngf3 Bg4 5. Be2 dxe4 6. dxe4 Nbd7 7. O-O e6 8.
h3 Bxf3 9. Bxf3 Be7 10. b3 O-O 11. Bb2 Qc7 12. Qe2 Ne5 13. Rad1 Rad8 14. Nc4 Nxf3+
15. Qxf3 Rxd1 16. Rxd1 Rd8 17. Be5 Rxd1+ 18. Qxd1 Qd8 19. Qxd8+ Bxd8 20. f3 b5
21. Nd2 Ba5 22. Nb1 Nd7 23. Bd4 c5 24. Bc3 Bb6 25. Kf1 f6 26. Ke2 Kf7 27. Bd2
Ne5 28. f4 Nc6 29. c3 e5 30. f5 g6 31. g4 g5 32. Be3 Ke7 33. Nd2 Kd6 34. Nf3 h6
35. Nd2 Ba5 36. Nb1 Bb6 37. Nd2 Ba5 38. Nb1 Bb6 39. Nd2 a5 40. Kf2 Ke7 1/2-1/2

[Event "Druzynowe Mistrzostwa Polski Juniorow - I Liga"]
[Site "Centrum Wypoczynkowo-Szkoleniowe Gwarek, Ustron"]
[Date "1899-12-30"]
[Round "6.16"]
[White "Rogala, Milosz"]
[Black "Anyz, Monika"]
[Result "1/2-1/2"]
[WhiteTitle "II"]
[BlackTitle "II"]
[WhiteElo "1356"]
[BlackElo "1291"]

1. e4 c5 2. Nf3 d6 3. d4 cxd4 4. Nxd4 Nf6 5. Nc3 g6 6. Be2 Bg7 7. O-O O-O 8. Bg5
Nc6 9. Nb3 Bd7 10. Kh1 Rc8 11. f4 Qb6 12. e5 Ne8 13. Nd5 Qd8 14. Na5 Qxa5 15.
Nxe7+ Nxe7 16. Bxe7 Bf5 17. Bd3 Bxd3 18. Qxd3 dxe5 19. Bxf8 Kxf8 20. fxe5 Qxe5
21. Rae1 Qc7 22. Qa3+ Qc5 23. Qxc5+ Rxc5 24. c3 Nf6 25. Re2 Rc7 26. Rfe1 h5 27.
Kg1 Rd7 28. h3 Bh6 29. Kf1 Nd5 30. g3 Ne3+ 31. Rxe3 Bxe3 32. Rxe3 Rd2 33. Re2
Rxe2 34. Kxe2 f5 35. h4 Kf7 36. Kf3 Ke6 37. Kf4 Kf6 38. b3 b6 39. a3 a5 40. a4
Ke6 41. b4 Kd5 42. Kg5 Kc4 43. Kxg6 Kb3 44. bxa5 bxa5 45. Kxh5 Kxa4 46. Kg6 Kb3
47. h5 a4 48. h6 a3 49. h7 a2 50. h8=Q a1=Q 51. Qg8+ Kc2 52. c4 Qe1 53. Kxf5 Qf1+
54. Ke5 Qe2+ 55. Kf6 Qf3+ 56. Ke7 Qb7+ 57. Kd6 Qa6+ 58. Ke5 Qa1+ 59. Ke4 1/2-1/2

[Event "Druzynowe Mistrzostwa Polski Juniorow - I Liga"]
[Site "Centrum Wypoczynkowo-Szkoleniowe Gwarek, Ustron"]
[Date "1899-12-30"]
[Round "6.17"]
[White "Harazinska, Ewa"]
[Black "Antolak, Julia"]
[Result "1-0"]
[WhiteTitle "WFM"]
[BlackTitle "k+"]
[WhiteElo "2034"]
[BlackElo "1974"]

1. d4 Nf6 2. c4 d6 3. Nc3 e5 4. Nf3 Nbd7 5. Bg5 Be7 6. e3 c6 7. Qc2 a6 8. O-O-O
Qc7 9. Bd3 b5 10. dxe5 dxe5 11. Ne4 Bb7 12. c5 h6 13. Bxf6 Nxf6 14. Nd6+ Bxd6
15. cxd6 Qxd6 16. Bxb5 Qc7 17. Ba4 O-O 18. Rhg1 c5 19. Nd2 Nd5 20. a3 Nb6 21.
Nc4 Rad8 22. Bb3 Rxd1+ 23. Rxd1 Bxg2 24. Rg1 Bb7 25. Qf5 Nxc4 26. Qf6 g6 27. Bxc4
Be4 28. f3 Qc6 29. Rxg6+ 1-0

[Event "Druzynowe Mistrzostwa Polski Juniorow - I Liga"]
[Site "Centrum Wypoczynkowo-Szkoleniowe Gwarek, Ustron"]
[Date "1899-12-30"]
[Round "6.18"]
[White "Nowicka, Julia"]
[Black "Harazinska, Magdalena"]
[Result "0-1"]
[WhiteTitle "I"]
[BlackTitle "I++"]
[WhiteElo "1298"]
[BlackElo "1857"]

1. e4 c5 2. Nf3 e6 3. d4 cxd4 4. Nxd4 a6 5. Bd3 Qc7 6. O-O Nf6 7. c4 d6 8. Nc3
Be7 9. Bg5 O-O 10. Rc1 b6 11. Qd2 Bb7 12. Rfd1 Nbd7 13. f4 h6 14. Bh4 Nxe4 15.
Bxe4 Bxh4 16. Qe2 Rfd8 17. Rf1 Bf6 18. Nb3 Nc5 19. Bxb7 Qxb7 20. f5 Re8 21. fxe6
fxe6 22. Qg4 Kh8 23. Rf3 d5 24. Rcf1 Nxb3 25. axb3 Qe7 26. cxd5 exd5 27. Kh1 Rad8
28. Qf5 Qd6 29. Rd3 Re5 30. Qg4 Rde8 31. Qf3 d4 32. Nd1 Re1 33. Nf2 Rxf1# 0-1

[Event "Druzynowe Mistrzostwa Polski Juniorow - I Liga"]
[Site "Centrum Wypoczynkowo-Szkoleniowe Gwarek, Ustron"]
[Date "1899-12-30"]
[Round "6.19"]
[White "Januszkiewicz, Wojciech"]
[Black "Bilczewski, Kacper"]
[Result "1/2-1/2"]
[WhiteTitle "I+"]
[BlackTitle "I"]
[WhiteElo "2025"]
[BlackElo "2056"]

1. e4 c6 2. d4 d5 3. Nc3 g6 4. e5 Bg7 5. f4 Nh6 6. Nf3 Bg4 7. h3 Bxf3 8. Qxf3 Nf5
9. Be3 O-O 10. g4 Nxe3 11. Qxe3 f6 12. O-O-O fxe5 13. dxe5 e6 14. h4 Qb6 15. Qg3
Qb4 16. Ne2 Nd7 17. Nd4 Nc5 18. a3 Ne4 19. Qe3 Qe7 20. Bg2 Nc5 21. g5 Rfe8 22.
h5 a5 23. Rdf1 Rec8 24. Kb1 b5 25. hxg6 hxg6 26. Qh3 Kf7 27. f5 exf5 28. Nxc6
Qe6 29. Rd1 Ne4 30. Bxe4 dxe4 31. Rd6 Rxc6 32. Rxe6 Rxe6 33. Qb3 Rae8 34. Qxb5
Rxe5 35. Qb3+ Kf8 36. Qe3 Rb5 37. c3 Rd5 38. Kc2 Red8 39. Qb6 R8d6 40. Qb8+ Rd8
41. Qb6 R8d6 42. Qb8+ Rd8 43. Qb6 Kf7 44. Rh7 R5d6 45. Qb7+ R8d7 46. Qb3+ Rd5
47. Qb6 R7d6 48. Qb7+ Rd7 49. Qb6 R5d6 50. Qb3+ Rd5 51. Qb6 R5d6 1/2-1/2

[Event "Druzynowe Mistrzostwa Polski Juniorow - I Liga"]
[Site "Centrum Wypoczynkowo-Szkoleniowe Gwarek, Ustron"]
[Date "1899-12-30"]
[Round "6.21"]
[White "Grzesik, Gracjan"]
[Black "Ochowicz, Jakub"]
[Result "0-1"]
[WhiteTitle "II+"]
[BlackTitle "I"]
[WhiteElo "1617"]
[BlackElo "1849"]

1. e4 c5 2. Nf3 d6 3. d4 cxd4 4. Nxd4 Nf6 5. Nc3 Nc6 6. Be2 e5 7. Nb3 Be7 8. Be3
a5 9. a4 O-O 10. f3 Be6 11. Nd5 Bxd5 12. exd5 Nb4 13. c4 Nd7 14. O-O f5 15. Qd2
f4 16. Bf2 b6 17. Nc1 Nc5 18. Bxc5 bxc5 19. Nd3 Qd7 20. b3 Bf6 21. Rab1 Nxd3 22.
Bxd3 Rf7 23. Qc2 g6 24. Be4 Raf8 25. Qd2 Bd8 26. Rb2 Rg7 27. Kf2 g5 28. Ke2 g4
29. Kd3 Kh8 30. Re1 gxf3 31. gxf3 Rfg8 32. Re2 Qh3 33. Ra2 Rg1 34. Re1 Bh4 35.
Rxg1 Rxg1 36. Rc2 Qf1+ 37. Qe2 Qa1 38. Rb2 Rd1+ 39. Rd2 Re1 40. Qxe1 Qxe1 41.
Re2 Qd1+ 42. Rd2 Qxb3+ 43. Ke2 Qxc4+ 44. Bd3 Qxa4 45. Rb2 c4 46. Be4 c3 47. Rb8+
Kg7 48. Rb7+ Kf8 49. Rb8+ Ke7 50. Rb7+ Kd8 51. Rb8+ Kc7 52. Rb1 Qa2+ 53. Kd3 Qxb1+
54. Kxc3 Qb4+ 55. Kc2 Be1 56. h3 Qc3+ 57. Kb1 a4 58. Bxh7 a3 0-1